Egy német jogász Szegeden Németül tanít, magyarul tanul
Elmentve itt :
| Dokumentumtípus: | Cikk |
|---|---|
| Megjelent: |
2001-06-22
|
| Sorozat: | Délmagyarország
91 No. 144 |
| Kulcsszavak: | Vendégtanár, Steffen Vogel |
| Online Access: | http://dmarchiv.bibl.u-szeged.hu/124180 |
| LEADER | 00449nab a2200145 i 4500 | ||
|---|---|---|---|
| 001 | delm124180 | ||
| 005 | 20191031111206.0 | ||
| 008 | 191031s2001 hu o 0|| hun d | ||
| 040 | |a SZTE Délmagyarország Archívum |b hun | ||
| 041 | |a hun | ||
| 245 | 0 | 0 | |a Egy német jogász Szegeden |h [elektronikus dokumentum] : |b Németül tanít, magyarul tanul |
| 260 | |c 2001-06-22 | ||
| 300 | |a 7 | ||
| 490 | 0 | |a Délmagyarország |v 91 No. 144 | |
| 695 | |a Vendégtanár, Steffen Vogel | ||